| 000 | 00653nam a2200217Ia 4500 | ||
|---|---|---|---|
| 008 | 100315s9999 xx 000 0 und d | ||
| 020 | _a0-434-98555-4 | ||
| 082 |
_b1737 _a651.26 |
||
| 100 | _a"MAYNARD, J. " | ||
| 245 | _aComputer Programming made simple | ||
| 260 |
_aGLISH LANGUAGE BOOK SOCIETY _bENGLISH LANGUAGE BOOK SOCIETY _c1983 |
||
| 300 | _a"XVIII,350P " | ||
| 365 |
_eAus.Sch. _d1 _b20.00 |
||
| 366 | _f0 | ||
| 505 | _gJaya Nikhade | ||
| 530 | _b- | ||
| 620 | _a"Computer programmer,Data. " | ||
| 630 | _aComputer Programming made simple | ||
| 730 | _aComputer Programming made simple | ||
| 942 | _cBOOK | ||
| 999 |
_c476472 _d476469 |
||